00525 2200169 4500245003900000020002200039250001100061100001500072650001600087005001900103260004500122041001400167084000800181300001500189500014200204336000900346 aLove is PossiblecArista VeehText a978-602-61007-4-0 aCet. 1 aArista Vee aNovel Fiksi a20240520105346 aBandungbThe PanasDalam Publishingc2017 aIndonesia a813 a214 hlm. : avama bertahan dalam cinta yang diam diam.dia mencurahkan perasaannya dengan menggambarkan sketsa wajah nanta menggunakan inisial De Yuki. atext